Reader's Delight : (Record no. 4721)
[ view plain ]
| 000 -LEADER | |
|---|---|
| fixed length control field | 00554 a2200157 4500 |
| 010 ## - LCCN (DPL NO) | |
| LC control number | ENG-86516 |
| 020 ## - INTERNATIONAL STANDARD BOOK NUMBER | |
| Terms of availability | 60.00 |
| International Standard Book Number | 8178123568 |
| 035 ## - SYSTEM CONTROL NUMBER | |
| System control number | EN-70049 |
| 037 ## - SOURCE OF ACQUISITION | |
| Source of stock number/acquisition | DBAD / PUB |
| 082 14 - DEWEY DECIMAL CLASSIFICATION NUMBER | |
| Classification number | 929.81 |
| 245 1# - TITLE STATEMENT | |
| Title | Reader's Delight : |
| Remainder of title | the nobel laureates / |
| Statement of responsibility, etc | compiled & edited by Anjani A.Gupta |
| 260 ## - PUBLICATION, DISTRIBUTION, ETC. (IMPRINT) | |
| Place of publication, distribution, etc | New Delhi |
| Name of publisher, distributor, etc | Reader's Delight (an imprint of Ramesh Publishing House) |
| Date of publication, distribution, etc | [200?] |
| 270 ## - ADDRESS | |
| Address | 12-H, New Daryaganj Road, Opp. Traffic Kotwali |
| City | New Delhi |
| Postal code | 110 002 |
| 300 ## - PHYSICAL DESCRIPTION | |
| Extent | 144p |
| Dimensions | 22cm (pbk) |
| 942 ## - ADDED ENTRY ELEMENTS (KOHA) | |
| Institution code [OBSOLETE] | dpl |
| Item type | English Books |
| Source of classification or shelving scheme | Dewey Decimal Classification |
| Classification part | 929.81 |
| Call number suffix | REA |
| Withdrawn status | Lost status | Not for loan | Collection code | Home library | Current library | Source of acquisition | Cost, normal purchase price | Full call number | Barcode | Copy number | Cost, replacement price | Koha item type |
|---|---|---|---|---|---|---|---|---|---|---|---|---|
| Not For Loan | Non-fiction | D.B.Act.Division | D.B.Act.Division | DBAD/PUB | 60.00 | 929.81 REA | EN-70049 | 1 | 60.00 | English Books |
